Annual report and financial statements 2009/10 (Record no. 83494)

MARC details
000 -LEADER
fixed length control field 00941cad a22002055a 4500
001 - CONTROL NUMBER
control field L150581
008 - FIXED-LENGTH DATA ELEMENTS--GENERAL INFORMATION
fixed length control field 111014e2011 xxk 000 0 eng d
020 ## - INTERNATIONAL STANDARD BOOK NUMBER
International Standard Book Number 9780102967456
035 ## - SYSTEM CONTROL NUMBER
System control number (Sirsi) u154106
041 0# - LANGUAGE CODE
Language code of text/sound track or separate title eng
110 2# - MAIN ENTRY--CORPORATE NAME
Corporate name or jurisdiction name as entry element Homes and Communities Agency
9 (RLIN) 5688
245 00 - TITLE STATEMENT
Title Annual report and financial statements 2009/10
Medium [electronic resource]
260 ## - PUBLICATION, DISTRIBUTION, ETC.
Place of publication, distribution, etc. London
Name of publisher, distributor, etc. HCA
Date of publication, distribution, etc. 2010
520 ## - SUMMARY, ETC.
Summary, etc. Explains the role, function and structure of the HCA; case studies; achievements across England; report on HCA affairs from the board members; audited financial statements; auditor's report for the year ended 31 March 2010.
590 ## - LOCAL NOTE (RLIN)
Local note KA NTK
651 #4 - SUBJECT ADDED ENTRY--GEOGRAPHIC NAME
Geographic name England
Chronological subdivision 886-
690 ## - LOCAL SUBJECT ADDED ENTRY--TOPICAL TERM (OCLC, RLIN)
Topical term or geographic name as entry element PROPERTY-RESIDENTIAL PROPERTY-DOMESTIC RESIDENTIAL PROPERTY-HOUSING
856 48 - ELECTRONIC LOCATION AND ACCESS
Uniform Resource Identifier <a href="https://www.homesandcommunities.co.uk/public/documents/HCA_Annual_Report_0910.pdf">https://www.homesandcommunities.co.uk/public/documents/HCA_Annual_Report_0910.pdf</a>
Public note View the website free of charge at www.homesandcommunities.co.uk
942 ## - ADDED ENTRY ELEMENTS (KOHA)
Suppress in OPAC 0
Holdings
Withdrawn status Lost status Source of classification or shelving scheme Damaged status Not for loan Home library Current library Shelving location Date acquired Total Checkouts Full call number Barcode Date last seen Copy number Price effective from Koha item type
    Dewey Decimal Classification     Virtual Virtual Online 14/10/2011   ONLINE PUBLICATION 154106-2001 06/08/2019 1 06/08/2019 Book